La enfermedad de Churchill (Record no. 132990)

MARC details
000 -LEADER
campo de control de longitud fija 00616nam a2200181 i 4500
001 - NÚMERO DE CONTROL
campo de control 132990
003 - IDENTIFICADOR DE NÚMERO DE CONTROL
campo de control ES-MaACL
005 - FECHA Y HORA DE LA ÚLTIMA TRANSACCIÓN
campo de control 20250206113227.0
007 - CAMPO FIJO DE DESCRIPCIÓN FÍSICA--INFORMACIÓN GENERAL
campo de control de longitud fija t|
008 - DATOS DE LONGITUD FIJA--INFORMACIÓN GENERAL
campo de control de longitud fija 070214s1954 sp r ||||1| spa d
100 1# - ENTRADA PRINCIPAL--NOMBRE DE PERSONA
Nombre de persona Royo-Villanova Morales, Ricardo,
Fechas asociadas al nombre 1899-1975
9 (RLIN) 100240
245 13 - MENCIÓN DEL TÍTULO
Título La enfermedad de Churchill
Resto del título : divagaciones médico-políticas /
Mención de responsabilidad, etc. Ricardo Royo-Villanova Morales.
260 ## - PUBLICACIÓN, DISTRIBUCIÓN, ETC.
Lugar de publicación, distribución, etc. Madrid :
Nombre del editor, distribuidor, etc. [s. n.],
Fecha de publicación, distribución, etc. 1954 (
Fabricante Estades Artes Gráficas)
300 ## - DESCRIPCIÓN FÍSICA
Extensión 159 p. ;
Dimensiones 20 cm.
600 14 - PUNTO DE ACCESO ADICIONAL DE MATERIA--NOMBRE DE PERSONA
Nombre de persona Churchill, Winston,
Títulos y otros términos asociados al nombre Sir,
Fechas asociadas al nombre 1874-1965
9 (RLIN) 38708
852 ## - LOCALIZACIÓN
Ubicación ES-MaACL
Número de control de estantería C-6473
Sublocalización o colección R.35656
Holdings
Estatus retirado Estado de pérdida Estado de daño No para préstamo Biblioteca de origen Biblioteca actual Ubicación en estantería Fecha de adquisición Fuente de adquisición Total de préstamos Signatura topográfica completa Código de barras Visto por última vez Precio de reemplazo Tipo de ítem Koha
        Biblioteca del Ateneo de Madrid Biblioteca del Ateneo de Madrid Sala Palomar 17/01/2008     C-6473 1138454 23/02/2023 23/02/2023 Libro impreso